NLSUI OPAC header image

Media communication : (Record no. 21857)

MARC details
000 -LEADER
fixed length control field 01980cam a2200301 a 4500
001 - CONTROL NUMBER
control field 12934748
003 - CONTROL NUMBER IDENTIFIER
control field OSt
005 - DATE AND TIME OF LATEST TRANSACTION
control field 20210416112452.0
008 - FIXED-LENGTH DATA ELEMENTS--GENERAL INFORMATION
fixed length control field 020918s2003 enka b 001 0 eng
010 ## - LIBRARY OF CONGRESS CONTROL NUMBER
LC control number 2002035791
020 ## - INTERNATIONAL STANDARD BOOK NUMBER
International Standard Book Number 140390149X (pbk.)
040 ## - CATALOGING SOURCE
Original cataloging agency DLC
Transcribing agency DLC
Modifying agency DLC
050 00 - LIBRARY OF CONGRESS CALL NUMBER
Classification number P90
Item number .W29 2003
082 00 - DEWEY DECIMAL CLASSIFICATION NUMBER
Classification number 302.23 WAT
Edition number 21
100 1# - MAIN ENTRY--PERSONAL NAME
Personal name Watson, James,
Dates associated with a name 1936-
245 10 - TITLE STATEMENT
Title Media communication :
Remainder of title an introduction to theory and process /
Statement of responsibility, etc. James Watson.
250 ## - EDITION STATEMENT
Edition statement 2nd ed.
260 ## - PUBLICATION, DISTRIBUTION, ETC.
Place of publication, distribution, etc. Houndmills, Basingstoke, Hampshire ;
-- New York :
Name of publisher, distributor, etc. Palgrave Macmillan,
Date of publication, distribution, etc. 2003.
300 ## - PHYSICAL DESCRIPTION
Extent xv, 368 p. :
Other physical details ill. ;
Dimensions 24 cm.
504 ## - BIBLIOGRAPHY, ETC. NOTE
Bibliography, etc. note Includes bibliographical references (p. 327-348) and index.
505 ## - FORMATTED CONTENTS NOTE
Formatted contents note <br/>Contents<br/>List of Figures<br/>Acknowledgements<br/>About the Author<br/>Introduction: Studying Media<br/>1. Setting the Scene: Media in Context<br/>2. The Language of Study<br/>3. The Audience for Media: Perspectives on Use and Response<br/>4. Media in Society: Purpose and Performance<br/>5. The News: Gates, Agendas and Values<br/>6. · Narrative: The Media as Storytellers<br/>7. The Practice of Media: Pressures and Constraints<br/>8. The Global Arena: Issues of Dominance and Control<br/>9. Network Communication: Interactivity, Surveillance and Virtual Reality<br/>10. Research as Exploration and Development<br/>11. In Summary: Media in a New Century Concluding Remarks<br/>Appendix 1 A Brief ABC of Perceived Media Effects<br/>Appendix 2 Screen Violence as Influence and Commodity:<br/>An Ongoing Debate .<br/>Notes<br/>Glossary of Terms<br/>Index<br/>
650 #0 - SUBJECT ADDED ENTRY--TOPICAL TERM
Topical term or geographic name entry element Mass media.
856 42 - ELECTRONIC LOCATION AND ACCESS
Materials specified Contributor biographical information
Uniform Resource Identifier <a href="http://www.loc.gov/catdir/bios/hol052/2002035791.html">http://www.loc.gov/catdir/bios/hol052/2002035791.html</a>
856 42 - ELECTRONIC LOCATION AND ACCESS
Materials specified Publisher description
Uniform Resource Identifier <a href="http://www.loc.gov/catdir/description/hol032/2002035791.html">http://www.loc.gov/catdir/description/hol032/2002035791.html</a>
906 ## - LOCAL DATA ELEMENT F, LDF (RLIN)
a 7
b cbc
c orignew
d 1
e ocip
f 20
g y-gencatlg
942 ## - ADDED ENTRY ELEMENTS (KOHA)
Source of classification or shelving scheme Dewey Decimal Classification
Koha item type BOOKs
Holdings
Withdrawn status Lost status Damaged status Not for loan Home library Current library Shelving location Date acquired Cost, normal purchase price Total Checkouts Full call number Barcode Date last seen Price effective from Koha item type
        . . Library Compactors 30.05.2017 595.00   302.23 WAT 19782 30.05.2017 30.05.2017 BOOKs